1815 1882 1724 1503 1720 1687 1198 1941 1550 1489 1926 1226 1550 1638 1856 1604 1792 1949 1219 1523 1145 1462 1987 1277 1969 1770 1226 1665 1560 1773 1453 1087 1864 1760 1487 1022 1492 1976 1887 1015 1018 1749 1781 1022 1716 1758 1172 1413 1881 1118 1456 2000 1625 1427 1227 1367 1228 1491 1530 1350 1307 1414 1953 1515 1000 1199 1775 1405 1174 1911 1276 1647 1393 1513 1650 1168 1972 1437 1409 1756 1586 1867 1154 1759 1105 1730 1947 1886 1513 1263 1263 1120 1013 1157 1509 1833 1869 1454 1973 BCNSPRNW ULIB Ver.6.0+V

เปลี่ยนเป็นภาษาไทย

Change to English
 แสดงรายละเอียดบรรณานุกรม
  กลับหน้าหลัก

Brief Record : Get Marc (ISO 2709) : E-mail record : QR code < ปิดหน้าต่าง
LEADER : 00000nam 2200000uu 4500
001    13399126414
003     ULIB
008    020711s2015 th a 000 0 eng d
020    ^a9780199361465
060    ^aWT145^bJ61G
100    ^aJimmie C. Holland, Talia Weiss Wiesel, Christian J. Nelson, Andrew J. Roth, and Yesne Alici
245    ^aGeriatric Psycho-Oncology: A Quick Reference on the Psychosocial Dimensions of Cancer Symptom Management
260    ^aNew York :^bOxford University Press,^c2015
300    ^a205 pages;^b19 cm
650    ^aAged-psychology
650    ^aMental Disorders-psychology
650    ^aNeoplasms-psychology
650    ^aPatients-psychology
945    ^p2465^l0^i004640
999    ^aประนอม เกษจรัล
รายการนี้ยังไม่มีแท็ก
คุณยังไม่ได้ล็อกอิน คุณสามารถมีกิจกรรมร่วมกับเว็บไซต์ได้ แต่ต้องล็อกอินก่อน ::
  ล็อกอิน

รายการสื่อสารสนเทศ

ลำดับที่ ประเภท เลขเรียก/บาร์โค้ด สถานที่ สถานะ
1. วิทยาศาสตร์การแพทย์ และสุขภาพ
หนังสือสำรอง
สถานะ=หนังสือสำรอง
WT145 J61G ฉ.1 
  Barcode: 004640
ห้องสมุดวิทยาเขตสวรรค์ประชารักษ์
►หนังสือทั่วไป
บนชั้น

รายการใกล้เคียง
    หัวเรื่อง [Aged-psychology]

BibComment


ยังไม่เคยถูกคอมเมนท์

คอมเมนท์ทรัพยากรรายการนี้
  คอมเมนท์: Geriatric Psycho..


 Copyright 2026. Bcnsprnw @Library